| 000 | 00396nam a2200145Ia 4500 | ||
|---|---|---|---|
| 008 | 231129s2013||||xx |||||||||||||| ||spa|| | ||
| 020 | _a978-84-261-4011-1 | ||
| 040 | _bspa | ||
| 082 | _a(i) Co863 S194c | ||
| 100 | _aSánchez Francisco | ||
| 245 | 0 | _aCuando desapareció el mar | |
| 260 | _c2013 | ||
| 264 | _aBarcelona España : Juventud | ||
| 942 |
_2ddc _cBKS |
||
| 999 |
_c8369 _d8369 |
||